<?xml version="1.0" encoding="UTF-8"?>
<record
    xmlns:xsi="http://www.w3.org/2001/XMLSchema-instance"
    xsi:schemaLocation="http://www.loc.gov/MARC21/slim http://www.loc.gov/standards/marcxml/schema/MARC21slim.xsd"
    xmlns="http://www.loc.gov/MARC21/slim">

  <leader>01056nam a22002297a 4500</leader>
  <controlfield tag="008">160625s2005        cr||||| |||| 00| 0 spa d</controlfield>
  <datafield tag="020" ind1=" " ind2=" ">
    <subfield code="a">9968899178</subfield>
  </datafield>
  <datafield tag="082" ind1="0" ind2="4">
    <subfield code="a">759.972.86</subfield>
    <subfield code="b">H565h</subfield>
  </datafield>
  <datafield tag="100" ind1="1" ind2=" ">
    <subfield code="a">Herrero, Federico.</subfield>
    <subfield code="9">3626</subfield>
  </datafield>
  <datafield tag="245" ind1="1" ind2="0">
    <subfield code="a">Federico Herrero :</subfield>
    <subfield code="b">pintacoteca /</subfield>
    <subfield code="c">Federico Herrero ; editado por Tamara D&#xED;az Bringas ; traducci&#xF3;n por Luis Chaves.</subfield>
  </datafield>
  <datafield tag="250" ind1=" " ind2=" ">
    <subfield code="a">1a ed.</subfield>
  </datafield>
  <datafield tag="260" ind1=" " ind2=" ">
    <subfield code="a">San Jos&#xE9;, Costa Rica :</subfield>
    <subfield code="b">Museo de Arte y Dise&#xF1;o Contempor&#xE1;neo ; Euromobilia,</subfield>
    <subfield code="c">2005.</subfield>
  </datafield>
  <datafield tag="300" ind1=" " ind2=" ">
    <subfield code="a">115 p.</subfield>
  </datafield>
  <datafield tag="505" ind1="0" ind2=" ">
    <subfield code="t">&#xBF;Inocencia, camuflaje o estrategia? / Innocence, camouflage or strategy?</subfield>
    <subfield code="r">Rolando Barahona-Sotela.</subfield>
    <subfield code="t">(Des)bordes de la pintura / The overflowing of painthing</subfield>
    <subfield code="r">Tamara D&#xED;az Bringas.</subfield>
    <subfield code="t">Pintacoteca</subfield>
    <subfield code="t">Mental landscapes and transit lines</subfield>
    <subfield code="r">Pablo Le&#xF3;n de la Barra.</subfield>
    <subfield code="t">Biograf&#xED;a / Biography.</subfield>
  </datafield>
  <datafield tag="653" ind1="1" ind2="0">
    <subfield code="a">Arte contempor&#xE1;neo</subfield>
  </datafield>
  <datafield tag="653" ind1="1" ind2="0">
    <subfield code="a">Arte costarricense</subfield>
  </datafield>
  <datafield tag="653" ind1="1" ind2="0">
    <subfield code="a">Artistas costarricenses</subfield>
  </datafield>
  <datafield tag="653" ind1="1" ind2="0">
    <subfield code="a">Pintura</subfield>
  </datafield>
  <datafield tag="653" ind1="1" ind2="0">
    <subfield code="a">Arte urbano</subfield>
  </datafield>
  <datafield tag="700" ind1="1" ind2=" ">
    <subfield code="a">D&#xED;az Bringas, Tamara.</subfield>
    <subfield code="e">editadora.</subfield>
    <subfield code="9">832</subfield>
  </datafield>
  <datafield tag="700" ind1="1" ind2=" ">
    <subfield code="a">Chaves, Luis.</subfield>
    <subfield code="e">traductor.</subfield>
    <subfield code="9">5275</subfield>
  </datafield>
  <datafield tag="999" ind1=" " ind2=" ">
    <subfield code="c">969</subfield>
    <subfield code="d">969</subfield>
  </datafield>
  <datafield tag="952" ind1=" " ind2=" ">
    <subfield code="0">0</subfield>
    <subfield code="1">0</subfield>
    <subfield code="2">ddc</subfield>
    <subfield code="4">0</subfield>
    <subfield code="7">0</subfield>
    <subfield code="a">LV</subfield>
    <subfield code="b">LV</subfield>
    <subfield code="c">Monograf&#xED;as</subfield>
    <subfield code="d">2016-06-25</subfield>
    <subfield code="l">0</subfield>
    <subfield code="o">759.972.86 H565h</subfield>
    <subfield code="p">000830</subfield>
    <subfield code="r">2016-06-25 00:00:00</subfield>
    <subfield code="w">2016-06-25</subfield>
    <subfield code="y">01</subfield>
  </datafield>
</record>
